Justicia penal, globalización y digitalización

I tiakina i:
Ngā taipitopito rārangi puna kōrero
Kaituhi matua: Barona Vilar, Silvia (Author)
Hōputu: Pukapuka
Reo:Pāniora
I whakaputaina: Santiago Legal Publishing 2018
Putanga:1a. ed
Rangatū:Monografías
Ngā marau:
Ngā Tūtohu: Tāpirihia he Tūtohu
Kāore He Tūtohu, Me noho koe te mea tuatahi ki te tūtohu i tēnei pūkete!

MARC

LEADER 00000cam a2200000 a 4500
001 UCC6071
003 CL-VaPUC
008 181116e20180000cl |||||||||||||||||spa|d
020 |a 9789563469813 
082 0 4 |a 345  |b BAR  |2 21 
100 0 |a Barona Vilar, Silvia  |e author  |9 600503 
245 1 0 |a Justicia penal, globalización y digitalización 
250 |a 1a. ed 
300 |a 274 p 
942 |c BK 
945 |d 20181116 13:40:00  |a dcastane 
260 |a Santiago  |b Legal Publishing  |c 2018 
650 7 |a DERECHO PENAL  |2 CL-VaPUC  |9 11 
650 0 |a Globalización  |9 361930 
650 7 |a PROCESO PENAL INTERNACIONAL  |2 CL-VaPUC  |9 561633 
583 |a last modification  |c 20181116 13:40:00  |k Rodrigo Vera 
490 0 |a Monografías 
999 |c 373124  |d 373122 
952 |0 0  |1 0  |3 erb  |4 0  |6 345_000000000000000_BAR_2018  |7 0  |8 A  |9 491075  |a BIBDER  |b BIBDER  |i 5515653  |o 345 BAR 2018  |p 5515653  |r 2023-01-25  |w 2019-11-24  |y BK  |z Catalogado en:20181116  |k DER